Investing in development : a practical plan to achieve the millennium development goals. Overview (Record no. 220636)

MARC details
000 -LEADER
fixed length control field 00884nam a2200241Ia 4500
008 - FIXED-LENGTH DATA ELEMENTS--GENERAL INFORMATION
fixed length control field 191130s2005##################000#0#eng##
020 ## - INTERNATIONAL STANDARD BOOK NUMBER
ISBN 9781844072521
082 ## - DEWEY DECIMAL CLASSIFICATION NUMBER
Classification number 338 SAC
100 ## - MAIN ENTRY--AUTHOR NAME
Personal name Sachs, Jeffrey
245 ## - TITLE STATEMENT
Title Investing in development : a practical plan to achieve the millennium development goals. Overview
Statement of responsibility, etc UN Millennium Project, Jeffrey D. Sachs, director
260 ## - PUBLICATION, DISTRIBUTION, ETC. (IMPRINT)
Place of publication [London ; Sterling, Va
Name of publisher Earthscan]
Year of publication c2005
300 ## - PHYSICAL DESCRIPTION
Number of Pages xvi, 74 p. : ill., maps ; 26 cm
500 ## - GENERAL NOTE
General note Includes bibliographical references and index
650 ## - SUBJECT ADDED ENTRY--TOPICAL TERM
Topical Term Developing countries - Economic policy
Topical Term Humanitarian assistance
Topical Term UN Millennium Project
710 ## - ADDED ENTRY--CORPORATE NAME
Corporate name or jurisdiction name as entry element UN Millennium Project, United Nations Development Programme
991 ## -
-- 164830
Holdings
Withdrawn status Lost status Damaged status Not for loan Home library Current library Shelving location Date acquired Full call number Accession Number Price effective from Koha item type
        Anna Centenary Library Anna Centenary Library 4TH FLOOR, A WING 13.10.2020 338 SAC 399086 13.10.2020 English Books

Find us on the map